000 00573nam a2200169 a 4500
001 000044102
005 20201002045140.0
008 140516s1968 fr a 000 0 spa d
040 _aDO-SdBNP
_bspa
_cBNPHU
245 0 0 _aDesde España /
_cAntonio Machado ... [et al.].
260 _aParís :
_bLibrería de Globe,
_c1968.
300 _a116 p. :
_bil. ;
_c22 cm.
490 1 _aEbro
500 _aEn el cincuenta aniversario de la revolución de octubre" homenaje de poetas españoles a la revolución de octubre
700 1 2 _aMachado, Antonio
_972093
830 0 _aEbro
_969274
999 _c43591
_d43591